Gondwana six (Record no. 4986)

000 -LEADER
fixed length control field 00667nam a2200217 a 4500
001 - CONTROL NUMBER
control field 4986
003 - CONTROL NUMBER IDENTIFIER
control field BD-DhUET
008 - FIXED-LENGTH DATA ELEMENTS--GENERAL INFORMATION
fixed length control field 870414s1987 dcua b 100 0 eng
020 ## - INTERNATIONAL STANDARD BOOK NUMBER
International Standard Book Number 0875900674-X
040 ## - CATALOGING SOURCE
Original cataloging agency DLC
Transcribing agency DLC
Modifying agency BD-DhUET
082 00 - DEWEY DECIMAL CLASSIFICATION NUMBER
Classification number 551.7
Item number MCK/1987
100 ## - MAIN ENTRY--PERSONAL NAME
Personal name McKenzie, Garry D.
245 00 - TITLE STATEMENT
Title Gondwana six
Remainder of title stratigraphy, sedimentology, and paleontology
Statement of responsibility, etc. edited by Garry D. McKenzie
250 ## - EDITION STATEMENT
Edition statement 1st ed.
260 ## - PUBLICATION, DISTRIBUTION, ETC. (IMPRINT)
Place of publication, distribution, etc. Washington, D.C.
Name of publisher, distributor, etc. American Geophysical Union
Date of publication, distribution, etc. 1987
300 ## - PHYSICAL DESCRIPTION
Extent x,250p.
Other physical details ill.
Dimensions 28 cm.
490 ## - SERIES STATEMENT
Series statement Geophysical monograph series 41
504 ## - BIBLIOGRAPHY, ETC. NOTE
Bibliography, etc Includes bibliographies
650 #0 - SUBJECT ADDED ENTRY--TOPICAL TERM
Topical term or geographic name as entry element Gondwana (Geology)
Geographic subdivision Congresses
942 ## - ADDED ENTRY ELEMENTS (KOHA)
Koha item type Edited Book
Holdings
Piece designation (barcode) Lost status Not for loan Date acquired Location (home branch) Shelving location Koha full call number Source of classification or shelving scheme Damaged status Koha normalized classification for sorting Price effective from Koha date last seen Sublocation or collection (holding branch) Withdrawn status Copy number Koha item type
80109  2014-11-24Central Library, BUETCirculation section551.7/MCK/1987  551_700000000000000_MCK_19872014-11-242014-11-24Central Library, BUET 1Edited Book
80110  2014-11-24Central Library, BUETCirculation section551.7/MCK/1987  551_700000000000000_MCK_19872014-11-242014-11-24Central Library, BUET 2Edited Book
89014  2014-11-24Central Library, BUETCirculation section551.7/MCK/1987  551_700000000000000_MCK_19872014-11-242014-11-24Central Library, BUET 3Edited Book
89037  2014-11-24Central Library, BUETCirculation section551.7/MCK/1987  551_700000000000000_MCK_19872014-11-242014-11-24Central Library, BUET 4Edited Book